00789nam a2200217 a 4500001001000000003000900010005001700019008004100036040002500077082001700102100003100119245004700150260003300197300002800230651005500258651007400313910003800387942001400425952011500439999001700554000021499DO-SdBNP20250912135725.0100908s1946 ag a 000 0 spa d aDO-SdBNPbspacBNPHU 4a972.9bA357e1 aAldebot, J. Gabriel94481410aEstampas del Caribe /cJ. Gabriel Aldebot. aBuenos AiresfLópezc1946? a246 p. :bil. ;c22 cm. 0aCaribe (Región)xVida social y costumbres987401 0aCaribe (Región)xCivilización987401vEnsayos, conferencias, etc. aValidado. Control de calidad EMS. 2ddccLBS1 001050718RVaPDbPDcHDd2010-09-08iLF1l0o972.9 A357ep21499-10r2020-06-25w2020-06-25y1ZNo se presta c20999d20999